01383nam a2200289 a 450000100100000000500170001000800410002702000150006804000250008308200190010810000350012724501340016226000360029630000350033250000710036750400310043859000250046965000280049465000600052265000330058265000570061591000370067295201310070995201220084095201160096299900150107800000656120260417182912.0090901s2006 dr ac 000 0 spa d a9945054007 aDO-SdBNPbspacBNPHU a610.695bT325m1 aTerrero Reyes, Clemente91821210aMis días en el Consejo de Enseñanza :buna mirada crítica al Sistema Nacional de Residencias Médicas /cClemente Terrero. aSanto Domingo :bBúho,c2006. a266 p. :bil., retr. ;c23 cm. aIncluye datos biográficos del autor en la solapa de la cubierta. aBibliografía: p.265-266. aInventariado,2018/DG 0aPersonal medico 918213 4aMédicos especialistasxFormación profesional918214 4aResidentes (medicina)918215 4aMedicinaxEnseñanzazRepública Dominicana918192 aValidado. Control de calidad EMS 001154708DSaGRbGRcMId2009-09-01iLF1l0o610.695 T325mp6561-30r2020-06-25te. 3w2020-06-25yLFDSZPréstamo en sala 0011718PDaPDbPDcMId2009-09-01iLF1l0o610.695 T325mp6561-20r2020-06-25te. 2w2020-06-25yLFPDZNo se presta 0010718PDaPDbPDcHDd2009-09-01iLF1l0o610.695 T325mp6561-10r2020-06-25w2020-06-25yLFPDZNo se presta c6352d6352